All MTR Malls in Hong Kong - Statistics

General Stats
  • This quiz has been taken 47 times
  • The average score is 5 of 15
Answer Stats
Answer % Correct
Telford Plaza
63%
PopCorn
60%
ELEMENTS
55%
The LOHAS
50%
The Wai
50%
Maritime Square
45%
Luk Yeung Galleria
33%
THE SOUTHSIDE
33%
Paradise Mall
25%
The Lane
25%
Citylink
23%
Hanford Plaza
18%
Plaza Ascot
18%
Ocean Walk
13%
STM Shopping Center
10%
No matching quizzes found
Score Distribution
Percent of People with Each Score
Percentile by Number Answered
Your Score History
You have not taken this quiz